[Event "Indian Championship"]
[Site "Mumbai IND"]
[Date "2003.01.25"]
[EventDate "2003.01.18"]
[Round "12"]
[Result "1-0"]
[White "Pentala Harikrishna"]
[Black "Venkatachalam Saravanan"]
[WhiteElo "2539"]
[BlackElo "2357"]
[PlyCount "85"]

1. d4 Nf6 2. Nf3 g6 3. Bg5 Bg7 4. Nbd2 O-O 5. c3 h6 6. Bh4 d6
7. e4 c5 8. dxc5 dxc5 9. Bc4 Nc6 10. Qe2 g5 11. Bg3 Nh5
12. Nxg5 Nxg3 13. hxg3 Ne5 14. Ngf3 Nxc4 15. Nxc4 b5 16. Ne3
Qa5 17. O-O b4 18. c4 e6 19. e5 Bb7 20. Ng4 Qd8 21. Rad1 Bxf3
22. gxf3 Qg5 23. f4 Qg6 24. Nh2 Rad8 25. Nf3 Qg4 26. Kg2 f6
27. exf6 Bxf6 28. b3 h5 29. Rxd8 Rxd8 30. Re1 Rd6 31. Nd2 Ra6
32. Ne4 Qxe2 33. Rxe2 Be7 34. f3 Kf7 35. g4 hxg4 36. fxg4 Ra3
37. Rc2 Ra6 38. Kf3 Rc6 39. Rh2 Kg7 40. Rd2 Rc7 41. f5 exf5
42. gxf5 Bf6 43. Rd6 1-0

[Event "Indian Championship"]
[Site "Mumbai IND"]
[Date "2003.01.27"]
[EventDate "2003.01.18"]
[Round "15"]
[Result "1/2-1/2"]
[White "Saptarshi Roy Chowdhury"]
[Black "Pentala Harikrishna"]
[WhiteElo "2395"]
[BlackElo "2539"]
[PlyCount "50"]

1. d4 d5 2. Nf3 Nf6 3. c4 e6 4. Nc3 c6 5. cxd5 exd5 6. Bg5 Be7
7. Qc2 g6 8. e3 Bf5 9. Bd3 Bxd3 10. Qxd3 Nbd7 11. O-O O-O
12. Rab1 a5 13. h3 Nh5 14. Bxe7 Qxe7 15. a3 Nhf6 16. Qc2 Rfc8
17. Rfe1 Re8 18. Qb3 Qd6 19. Rbc1 b5 20. Qc2 Nb6 21. Ne5 Nfd7
22. Nxd7 Qxd7 23. a4 Rac8 24. b3 Qe7 25. Qd3 bxa4 1/2-1/2

[Event "Indian Championship"]
[Site "Mumbai IND"]
[Date "2003.01.28"]
[EventDate "2003.01.18"]
[Round "16"]
[Result "1/2-1/2"]
[White "Pentala Harikrishna"]
[Black "Neelotpal Das"]
[WhiteElo "2539"]
[BlackElo "2406"]
[PlyCount "97"]

1. d4 d5 2. c4 c6 3. Nf3 Nf6 4. e3 a6 5. Nc3 b5 6. b3 Bg4
7. Be2 e6 8. O-O Be7 9. h3 Bh5 10. Bb2 O-O 11. Rc1 Nbd7
12. Ne5 Bxe2 13. Nxe2 Qb6 14. cxb5 cxb5 15. Qc2 Qb7 16. Qc7
Ra7 17. Qxb7 Rxb7 18. Rc2 g6 19. Rfc1 Bd8 20. Nf4 Nxe5
21. dxe5 Nd7 22. Nd3 a5 23. Bd4 a4 24. Rc8 axb3 25. axb3 Bb6
26. Bxb6 Nxb6 27. R8c5 Nd7 28. Rc7 Rfb8 29. f4 Kf8 30. Nb4
Rxc7 31. Rxc7 Ke8 32. Nc6 Ra8 33. b4 Ra1+ 34. Kf2 Ra2+ 35. Kg3
Nb6 36. Nd4 Nc4 37. Nxb5 Nxe3 38. Nd6+ Kd8 39. Rxf7 d4 40. b5
d3 41. Nb7+ Ke8 42. Nd6+ Kd8 43. Nb7+ Ke8 44. Nd6+ Kd8 45. b6
d2 46. Nb7+ Ke8 47. Nd6+ Kd8 48. Nb7+ Ke8 49. Nd6+ 1/2-1/2

[Event "Indian Championship"]
[Site "Mumbai IND"]
[Date "2003.01.28"]
[EventDate "2003.01.18"]
[Round "17"]
[Result "0-1"]
[White "Sunil Mokal Prathamesh"]
[Black "Pentala Harikrishna"]
[WhiteElo "2366"]
[BlackElo "2539"]
[PlyCount "124"]

1. e4 c5 2. Nf3 Nc6 3. d4 cxd4 4. Nxd4 Nf6 5. Nc3 d6 6. Bg5 e6
7. Qd2 a6 8. O-O-O Bd7 9. f4 b5 10. Bxf6 gxf6 11. Kb1 Qb6
12. Nxc6 Bxc6 13. Qe1 Ra7 14. Bd3 h5 15. Qh4 Be7 16. Qh3 Qc5
17. Rhe1 b4 18. Ne2 a5 19. f5 e5 20. Ng3 h4 21. Nf1 a4 22. Nd2
a3 23. Qe3 Qxe3 24. Rxe3 axb2 25. Bc4 Bd8 26. Nf3 Ke7 27. Bd5
Bb6 28. Rb3 Bxd5 29. Rxd5 Bc5 30. Rxb2 Rg8 31. Rd2 Rg4 32. Re2
d5 33. exd5 Rd7 34. Rb3 Rxd5 35. Rd3 Kd6 36. Red2 Rxd3
37. cxd3 Rf4 38. h3 Rxf5 39. Nxh4 Rf1+ 40. Kc2 f5 41. Rd1 Rf2+
42. Rd2 f4 43. Rxf2 Bxf2 44. Nf3 f5 45. Kd1 e4 46. dxe4 fxe4
47. Nd2 Kd5 48. Ke2 Bh4 49. Nb3 Be7 50. Nd2 Kd4 51. Nb3+ Kc3
52. Nd2 e3 53. Nf3 Kb2 54. Ne5 Kxa2 55. Nc6 b3 56. Nxe7 b2
57. Nd5 Kb3 58. Nxf4 b1=Q 59. Kxe3 Kc4 60. Kf3 Qf1+ 61. Kg4
Kd4 62. h4 Ke5 0-1

[Event "Gibraltar Masters"]
[Site "Catalan Bay ENG"]
[Date "2004.01.28"]
[EventDate "2004.01.27"]
[Round "2"]
[Result "1-0"]
[White "Pentala Harikrishna"]
[Black "Helen Milligan"]
[WhiteElo "2582"]
[BlackElo "2076"]
[PlyCount "73"]

1. d4 Nf6 2. Nf3 e6 3. g3 b6 4. Bg2 Bb7 5. c4 d5 6. cxd5 exd5
7. O-O Be7 8. Nc3 O-O 9. Bf4 c6 10. Rc1 Nbd7 11. Ne5 Nxe5
12. dxe5 Ne8 13. Be3 f5 14. a4 Rc8 15. a5 Kh8 16. Qb3 b5
17. a6 Bxa6 18. Bxa7 Ra8 19. Bd4 Qd7 20. Na2 Bb7 21. Nb4 Ra4
22. Bc5 Bxc5 23. Rxc5 Nc7 24. Rcc1 Ne6 25. e3 Nd8 26. Nd3 Ne6
27. Nb4 Nd8 28. Ra1 Qe7 29. Rxa4 bxa4 30. Qc3 Qe6 31. Ra1 Nf7
32. Nd3 Ra8 33. Qb4 Rb8 34. Rxa4 Nxe5 35. Nc5 Qc8 36. Ra7 Ra8
37. Rxb7 1-0

[Event "Gibraltar Masters"]
[Site "Catalan Bay ENG"]
[Date "2004.01.29"]
[EventDate "2004.01.27"]
[Round "3"]
[Result "1-0"]
[White "Pentala Harikrishna"]
[Black "Andrew Dunn"]
[WhiteElo "2582"]
[BlackElo "2205"]
[PlyCount "122"]

1. d4 d5 2. c4 c6 3. Nc3 Nf6 4. e3 g6 5. Nf3 Bg7 6. Bd3 O-O
7. O-O Bg4 8. h3 Bxf3 9. Qxf3 e6 10. b4 Nbd7 11. a4 dxc4
12. Bxc4 Nd5 13. Nxd5 cxd5 14. Bd3 Nf6 15. a5 Qd7 16. b5 Rfc8
17. Bd2 Ne8 18. b6 axb6 19. axb6 Rxa1 20. Rxa1 Qd8 21. Rb1 Nd6
22. Qd1 Rc6 23. Ba5 Nc4 24. Qa4 Qc8 25. g3 Bf6 26. Kg2 Bd8
27. Bxc4 dxc4 28. Bc3 Bxb6 29. e4 Rd6 30. Rb4 Qd8 31. Rxc4 Rc6
32. Bb2 Rxc4 33. Qxc4 Qc7 34. Qa4 Qd8 35. h4 h5 36. Qc4 Qd7
37. Qb3 Qd6 38. Qa4 Qd8 39. Kf1 Kh7 40. Ke2 Qc7 41. Kd3 Qc6
42. Qb4 Bc7 43. Qc4 Qxc4+ 44. Kxc4 Kg8 45. Ba3 f5 46. d5 exd5+
47. exd5 Kf7 48. d6 Bb6 49. Kd5 Bxf2 50. d7 Bb6 51. Kd6 f4
52. gxf4 Bd8 53. Bc5 Bxh4 54. Kc7 b5 55. Kc8 Bf6 56. Bd4 Be7
57. Bb6 Bf6 58. Bd8 Bc3 59. Be7 Ba5 60. Bd6 h4 61. Bc7 h3 1-0

[Event "Gibraltar Masters"]
[Site "Catalan Bay ENG"]
[Date "2004.01.30"]
[EventDate "2004.01.27"]
[Round "4"]
[Result "0-1"]
[White "Mathias Womacka"]
[Black "Pentala Harikrishna"]
[WhiteElo "2447"]
[BlackElo "2582"]
[PlyCount "52"]

1. e4 e5 2. Nf3 Nc6 3. Bb5 Nf6 4. O-O Nxe4 5. d4 Nd6 6. Bxc6
dxc6 7. dxe5 Nf5 8. Qxd8+ Kxd8 9. Nc3 Bd7 10. h3 Kc8 11. b3 b6
12. Bb2 Be7 13. g4 Nh4 14. Nxh4 Bxh4 15. f4 f5 16. exf6 gxf6
17. f5 h5 18. Kg2 c5 19. Nd5 Bc6 20. c4 Kb7 21. Rae1 Rad8
22. Re7 Rxd5 23. cxd5 Bxd5+ 24. Kh2 hxg4 25. Rf4 g3+ 26. Kg1
Bg5 0-1

[Event "Gibraltar Masters"]
[Site "Catalan Bay ENG"]
[Date "2004.01.31"]
[EventDate "2004.01.27"]
[Round "5"]
[Result "1-0"]
[White "Pentala Harikrishna"]
[Black "Murray Chandler"]
[WhiteElo "2582"]
[BlackElo "2508"]
[PlyCount "111"]

1. d4 Nf6 2. c4 e6 3. Nc3 Bb4 4. Qc2 c5 5. dxc5 O-O 6. a3 Bxc5
7. Nf3 b6 8. Bf4 Bb7 9. e4 Nh5 10. Bg5 Be7 11. h4 h6 12. Bd2
Nf6 13. e5 Ng4 14. Be2 Bc5 15. Rf1 Nc6 16. Qe4 f5 17. exf6
Nxf6 18. Qc2 Qe8 19. O-O-O Rc8 20. Kb1 d5 21. cxd5 exd5
22. Bd3 Ne7 23. Rfe1 Bxf2 24. Re2 Ne4 25. Bxh6 gxh6 26. Rxf2
Nxf2 27. Qxf2 Qf7 28. Re1 Qg7 29. Qe3 Rce8 30. Qe6+ Kh8
31. Bb5 Bc8 32. Qe5 Nc6 33. Qxg7+ Kxg7 34. Rxe8 Rxe8 35. Bxc6
Re6 36. Bxd5 Rg6 37. Ne5 Rf6 38. Bf3 Rf4 39. h5 Rf5 40. Nc6
Rf7 41. Nb5 Bf5+ 42. Kc1 a6 43. Nd6 Rf8 44. Nxf5+ Rxf5 45. Nb4
Rc5+ 46. Kd2 a5 47. Nd5 b5 48. b4 axb4 49. axb4 Rc4 50. Ke3
Kf7 51. Be2 Rc2 52. g4 Ke6 53. Nf4+ Kf6 54. Bxb5 Kg7 55. Bd7
Rc1 56. Nd5 1-0

[Event "Gibraltar Masters"]
[Site "Catalan Bay ENG"]
[Date "2004.02.02"]
[EventDate "2004.01.27"]
[Round "7"]
[Result "1-0"]
[White "Pentala Harikrishna"]
[Black "Chanda Sandipan"]
[WhiteElo "2582"]
[BlackElo "2522"]
[PlyCount "85"]

1. d4 Nf6 2. c4 g6 3. Nf3 Bg7 4. g3 O-O 5. Bg2 d6 6. O-O Nc6
7. Nc3 a6 8. b3 Rb8 9. Nd5 Nh5 10. Bb2 e6 11. Ne3 f5 12. Qc1
f4 13. Nc2 e5 14. dxe5 dxe5 15. Rd1 Qf6 16. b4 b5 17. cxb5
Rxb5 18. a4 Rb6 19. Rd5 fxg3 20. hxg3 Qf7 21. a5 Nxb4 22. Rc5
Nd3 23. exd3 Rxb2 24. Qxb2 e4 25. d4 exf3 26. Bf1 Nf4 27. Bc4
Be6 28. Qb3 Ne2+ 29. Kf1 Re8 30. Bxe6 Rxe6 31. Ra3 Bf8
32. Qxf3 Bxc5 33. dxc5 Qxf3 34. Rxf3 Re4 35. Rf6 Nc1 36. Rxa6
Rc4 37. Ne3 Rxc5 38. Ra8+ Kg7 39. a6 Ra5 40. Ra7 Nb3 41. Rxc7+
Kh6 42. a7 Nd4 43. Ng4+ 1-0

[Event "Gibraltar Masters"]
[Site "Catalan Bay ENG"]
[Date "2004.02.03"]
[EventDate "2004.01.27"]
[Round "8"]
[Result "1-0"]
[White "Nigel Short"]
[Black "Pentala Harikrishna"]
[WhiteElo "2702"]
[BlackElo "2582"]
[PlyCount "89"]

1. e4 e5 2. Nf3 Nc6 3. Bb5 Nf6 4. d3 Bc5 5. O-O d6 6. Nc3 Bg4
7. Na4 Nd7 8. Nxc5 Nxc5 9. Be3 Qf6 10. Bxc6+ bxc6 11. Bxc5
dxc5 12. Qe2 Bxf3 13. gxf3 O-O 14. Kh1 Rad8 15. Rg1 Qh6
16. Qe3 Qxe3 17. fxe3 f5 18. exf5 Rxf5 19. Raf1 Rb8 20. b3
Rbf8 21. Rg3 R8f6 22. Kg2 Kf7 23. Rf2 Rg6 24. Kf1 Rxg3
25. hxg3 g5 26. Ke2 Kg6 27. g4 Rf8 28. Kd2 Rf7 29. Ke2 Rf8
30. Rh2 Rd8 31. Rh3 Rd6 32. Rh1 Rd8 33. Kd2 c4 34. bxc4 Rf8
35. Ke2 Rb8 36. c5 Rb2 37. Kd2 Rxa2 38. Rb1 Ra5 39. Rb7 h5
40. gxh5+ Kxh5 41. Rxc7 Rxc5 42. Rxa7 g4 43. fxg4+ Kxg4
44. Ra6 e4 45. Ra4 1-0

[Event "Gibraltar Masters"]
[Site "Catalan Bay ENG"]
[Date "2004.02.05"]
[EventDate "2004.01.27"]
[Round "10"]
[Result "1/2-1/2"]
[White "Pentala Harikrishna"]
[Black "Surya Shekhar Ganguly"]
[WhiteElo "2582"]
[BlackElo "2541"]
[PlyCount "57"]

1. d4 Nf6 2. Nf3 c5 3. dxc5 e6 4. e3 Bxc5 5. a3 d5 6. c4 O-O
7. Nc3 dxc4 8. Bxc4 Qxd1+ 9. Kxd1 b6 10. Ke2 Bb7 11. Bd2 Nbd7
12. Rac1 Be7 13. Nb5 a6 14. Nbd4 Rac8 15. Rhd1 Rfd8 16. Ba2 h6
17. Rxc8 Rxc8 18. Rc1 Rxc1 19. Bxc1 Kf8 20. Ne1 Bd6 21. h3 Ne5
22. f3 Nc6 23. Nxc6 Bxc6 24. Bc4 b5 25. Bd3 Nd5 26. Nc2 Ke7
27. Bd2 Be5 28. Bc1 g5 29. Kf2 1/2-1/2

[Event "6th Dubai Open"]
[Site "Dubai UAE"]
[Date "2004.04.21"]
[EventDate "2004.04.19"]
[Round "3"]
[Result "1/2-1/2"]
[White "Pentala Harikrishna"]
[Black "Elshan Moradiabadi"]
[WhiteElo "2599"]
[BlackElo "2436"]
[PlyCount "134"]

1. d4 Nf6 2. c4 g6 3. Nc3 Bg7 4. e4 d6 5. Nf3 O-O 6. Be2 Na6
7. O-O e5 8. Be3 Ng4 9. Bg5 Qe8 10. dxe5 dxe5 11. h3 f6
12. Bd2 Nh6 13. c5 c6 14. Bxa6 bxa6 15. Bxh6 Bxh6 16. Qa4 Rb8
17. b3 Rf7 18. Rfd1 Bf8 19. Qa5 Be6 20. Rd3 Rd7 21. Rxd7 Qxd7
22. Qxa6 Bxc5 23. Rd1 Qc8 24. Qxc8+ Rxc8 25. Na4 Be7 26. Rc1
Ba3 27. Rc2 Bb4 28. Nc5 Kf7 29. Kf1 Ke7 30. Nxe6 Kxe6 31. Ke2
Kd7 32. g4 g5 33. Nh2 Rh8 34. Nf1 h5 35. Ng3 hxg4 36. hxg4 Rh4
37. Kf3 Rh3 38. Rc1 Be7 39. Kg2 Rh7 40. Nh5 Kc7 41. Kf3 Rh8
42. Ke2 a5 43. Ng3 Kb6 44. Rc3 Ra8 45. a4 Bc5 46. Rf3 Rf8
47. Nh5 Be7 48. Rd3 Kc7 49. Kd2 Rb8 50. Kc2 Rb4 51. Ng3 Rb8
52. Nf5 Bc5 53. Ng7 Rh8 54. Rf3 Rh2 55. Rxf6 Bxf2 56. Kd3 Rh3+
57. Ke2 Bd4 58. Rf3 Rh4 59. Kd3 Rxg4 60. Ne6+ Kd6 61. Nxd4
exd4 62. Kxd4 Rf4 63. Rh3 c5+ 64. Kd3 Ke5 65. Rh5 Rg4 66. Rh8
c4+ 67. Kxc4 Rxe4+ 1/2-1/2

[Event "6th Dubai Open"]
[Site "Dubai UAE"]
[Date "2004.04.24"]
[EventDate "2004.04.19"]
[Round "6"]
[Result "1/2-1/2"]
[White "Alexander Goloshchapov"]
[Black "Pentala Harikrishna"]
[WhiteElo "2569"]
[BlackElo "2599"]
[PlyCount "27"]

1. e4 e5 2. Nf3 Nc6 3. Bb5 Nf6 4. O-O Nxe4 5. d4 Nd6 6. Bxc6
dxc6 7. dxe5 Nf5 8. Qxd8+ Kxd8 9. Nc3 Bd7 10. b3 Kc8 11. Bb2
Be7 12. Rad1 b6 13. Ne2 a5 14. a4 1/2-1/2

[Event "6th Dubai Open"]
[Site "Dubai UAE"]
[Date "2004.04.25"]
[EventDate "2004.04.19"]
[Round "7"]
[Result "1-0"]
[White "Pentala Harikrishna"]
[Black "Zahar Efimenko"]
[WhiteElo "2599"]
[BlackElo "2566"]
[PlyCount "93"]

1. d4 Nf6 2. c4 g6 3. Nf3 Bg7 4. g3 O-O 5. Bg2 d6 6. O-O Nc6
7. Nc3 a6 8. b3 Rb8 9. Nd5 Nh5 10. Bb2 e6 11. Ne3 Ne7 12. Rc1
b6 13. Qc2 Bb7 14. Rfd1 Nf6 15. b4 Be4 16. Qc3 b5 17. d5 e5
18. Bh3 bxc4 19. Qxc4 Rb5 20. a4 Bxd5 21. Nxd5 Rxd5 22. Nd2 e4
23. Bxf6 Bxf6 24. Nxe4 Rxd1+ 25. Rxd1 Be5 26. Nc5 Re8 27. Nxa6
c6 28. Nc5 Qa8 29. Na6 d5 30. Qd3 Qa7 31. Rc1 Ra8 32. b5 Bd4
33. e3 Bb6 34. Nb4 cxb5 35. axb5 d4 36. e4 Qa3 37. Qxa3 Rxa3
38. Bf1 Kf8 39. Nd3 f6 40. Nb2 Rb3 41. Na4 Ba5 42. Nc5 Rc3
43. Ra1 Rxc5 44. Rxa5 Rc1 45. Kg2 Nc8 46. Ra4 Rb1 47. Ra8 1-0

[Event "Pune Super GM"]
[Site "Pune IND"]
[Date "2004.09.03"]
[EventDate "2004.09.03"]
[Round "1"]
[Result "1/2-1/2"]
[White "Emil Davidovich Sutovsky"]
[Black "Pentala Harikrishna"]
[WhiteElo "2679"]
[BlackElo "2609"]
[PlyCount "107"]

1. e4 e5 2. Nf3 Nc6 3. d4 exd4 4. Nxd4 Bc5 5. Be3 Qf6 6. c3
Nge7 7. g3 d5 8. Bg2 dxe4 9. O-O O-O 10. Nd2 Bb6 11. Nxe4 Qg6
12. Nc5 Nxd4 13. cxd4 c6 14. Re1 Nd5 15. Bxd5 cxd5 16. Qb3 Bg4
17. Qxd5 Rad8 18. Qxb7 Qh5 19. Qe7 f6 20. Qe4 Rfe8 21. Qf4 Re7
22. d5 Rxd5 23. Nd3 g5 24. Qc4 Bf3 25. Nb4 Qh3 26. Qf1 Qxf1+
27. Kxf1 Rb5 28. Bxb6 Rxe1+ 29. Rxe1 Rxb4 30. Bxa7 Rxb2
31. Ra1 Rd2 32. a4 Rd1+ 33. Rxd1 Bxd1 34. a5 Kf7 35. Ke1 Ba4
36. Kd2 Ke6 37. Bb6 f5 38. Bd8 g4 39. a6 Kd7 40. a7 Bc6
41. Ba5 Kc8 42. Bc3 Kb7 43. Bd4 Be8 44. Ke3 Bg6 45. Kf4 Ka8
46. Be3 Kb7 47. Bc5 Ka8 48. Bb6 Kb7 49. Be3 Ka8 50. Bd4 Kb7
51. Kg5 Ka8 52. Kf6 Kb7 53. Kg7 Ka8 54. Kh8 1/2-1/2

[Event "Pune Super GM"]
[Site "Pune IND"]
[Date "2004.09.11"]
[EventDate "2004.09.03"]
[Round "8"]
[Result "1/2-1/2"]
[White "Pentala Harikrishna"]
[Black "Rustam Mashrukovich Kasimdzhanov"]
[WhiteElo "2609"]
[BlackElo "2640"]
[PlyCount "44"]

1. d4 Nf6 2. c4 e6 3. Nc3 Bb4 4. Qc2 O-O 5. a3 Bxc3+ 6. Qxc3
b6 7. Bg5 Bb7 8. f3 h6 9. Bh4 d5 10. e3 Nbd7 11. cxd5 Nxd5
12. Bxd8 Nxc3 13. Be7 Rfe8 14. Bh4 Nd5 15. Bf2 c5 16. e4 Ne7
17. Bb5 Bc6 18. Bxc6 Nxc6 19. Ne2 cxd4 20. Nxd4 Nxd4 21. Bxd4
Rac8 22. O-O Nc5 1/2-1/2

[Event "VI Ciudad de Dos Hermanas Internet"]
[Site "ICC INT"]
[Date "2005.03.26"]
[EventDate "2005.03.26"]
[Round "1.1"]
[Result "0-1"]
[White "Marek Stryjecki"]
[Black "Pentala Harikrishna"]
[WhiteElo "2409"]
[BlackElo "2632"]
[PlyCount "82"]

1. g3 Nf6 2. Bg2 g6 3. e4 d6 4. d4 Bg7 5. Ne2 O-O 6. h3 c5
7. c3 cxd4 8. cxd4 e5 9. O-O b6 10. Nbc3 Ba6 11. Re1 Nc6
12. Be3 Na5 13. b3 Rc8 14. Rc1 b5 15. Nd5 Rxc1 16. Qxc1 Nxd5
17. exd5 b4 18. dxe5 dxe5 19. Qd2 Qd6 20. Rc1 Rc8 21. Rxc8+
Bxc8 22. Bxa7 Nb7 23. Qc1 Bd7 24. Be3 h5 25. h4 Qa6 26. Qd2
Bf8 27. Bf1 Bb5 28. Qc2 Nd6 29. Qd1 Nf5 30. Bg5 Qxa2 31. Nc1
Qa6 32. Bxb5 Qxb5 33. Qd3 Qxd3 34. Nxd3 Nd4 35. Bd2 Nf3+
36. Kg2 Nxd2 37. Nxe5 Nxb3 38. Nc4 Nd4 39. d6 b3 40. d7 Be7
41. Ne5 b2 0-1

[Event "VI Ciudad de Dos Hermanas Internet"]
[Site "ICC INT"]
[Date "2005.03.26"]
[EventDate "2005.03.26"]
[Round "1.3"]
[Result "1-0"]
[White "Marek Stryjecki"]
[Black "Pentala Harikrishna"]
[WhiteElo "2409"]
[BlackElo "2632"]
[PlyCount "83"]

1. g3 Nf6 2. Bg2 d5 3. Nf3 g6 4. O-O Bg7 5. c4 c6 6. cxd5 cxd5
7. d3 O-O 8. Nc3 Nc6 9. Bf4 d4 10. Na4 Nd5 11. Bd2 b6 12. Rc1
Bb7 13. a3 Rc8 14. b4 Qd7 15. Qb3 Ne5 16. Nxd4 Nxd3 17. Qxd3
Qxa4 18. Nf5 gxf5 19. Rxc8 Rxc8 20. Bxd5 Bxd5 21. Qxd5 e6
22. Qb7 Qc6 23. Qxa7 Ra8 24. Qe7 Qc2 25. Be3 b5 26. Qb7 Qa4
27. Rc1 Be5 28. Bh6 Rd8 29. Qd7 Qa8 30. Qxb5 Bb2 31. Rb1 Qe4
32. Rf1 Bxa3 33. Qb6 Ra8 34. b5 Qxe2 35. Qc6 Rb8 36. b6 Qb2
37. Be3 f4 38. gxf4 Bf8 39. Kh1 Bg7 40. Rg1 Kh8 41. Qc7 Rg8
42. b7 1-0

[Event "VI Ciudad de Dos Hermanas Internet"]
[Site "ICC INT"]
[Date "2005.03.26"]
[EventDate "2005.03.26"]
[Round "1.5"]
[Result "1-0"]
[White "Pentala Harikrishna"]
[Black "Marek Stryjecki"]
[WhiteElo "2632"]
[BlackElo "2409"]
[PlyCount "75"]

1. d4 g6 2. Nf3 Bg7 3. c3 d6 4. Bg5 f6 5. Bh4 Nc6 6. d5 Ne5
7. Nd4 c5 8. Ne6 Bxe6 9. dxe6 Qb6 10. b3 f5 11. e3 Nf6 12. Nd2
Rd8 13. Nc4 Qc6 14. Bg3 Nxc4 15. Bxc4 d5 16. Be2 Ne4 17. Rc1
Nxc3 18. Qd2 Nxe2 19. Qxe2 O-O 20. O-O b6 21. Qa6 Ra8 22. Rfd1
Qxe6 23. Rxc5 Rfd8 24. h3 d4 25. exd4 Bxd4 26. Rcc1 g5 27. Re1
Qd7 28. Rc7 Qd5 29. Qe2 e5 30. Qh5 Rd7 31. Qxg5+ Kh8 32. Rxe5
Bxe5 33. Rxd7 Qe6 34. Bxe5+ Qxe5 35. Qh6 Qe1+ 36. Kh2 Qe5+
37. f4 Qg7 38. Qxg7+ 1-0

[Event "XIII Dos Hermanas"]
[Site "Dos Hermanas ESP"]
[Date "2005.04.05"]
[EventDate "2005.04.01"]
[Round "5"]
[Result "1-0"]
[White "Pentala Harikrishna"]
[Black "Miguel Illescas Cordoba"]
[WhiteElo "2646"]
[BlackElo "2633"]
[PlyCount "87"]

1. d4 d5 2. c4 c6 3. Nf3 Nf6 4. Nc3 a6 5. c5 Bf5 6. h3 Nbd7
7. Bf4 e6 8. e3 b6 9. b4 Ne4 10. Rc1 Be7 11. Be2 bxc5 12. bxc5
Qa5 13. Qa4 Bd8 14. Qb3 Bf6 15. O-O Ndxc5 16. Qb2 O-O 17. Nxe4
Bxe4 18. Bd6 Nd3 19. Bxd3 Bxd3 20. Rfd1 Bb5 21. Bxf8 Rxf8
22. Rc3 Be7 23. Ne5 Bb4 24. Rb3 Bd6 25. a4 Bc4 26. Nxc4 dxc4
27. Rc3 Qxa4 28. Qc2 Qxc2 29. Rxc2 c5 30. dxc5 Bxc5 31. Rxc4
Be7 32. Ra1 Rb8 33. Rxa6 Rb1+ 34. Kh2 g6 35. Rc7 Bf6 36. g3
Be5 37. Ra8+ Kg7 38. Rd7 Bb8 39. Kg2 h5 40. Rd8 Bc7 41. Rg8+
Kh7 42. Rge8 Kg7 43. Ra7 Bb8 44. Rd7 1-0

[Event "XIII Dos Hermanas"]
[Site "Dos Hermanas ESP"]
[Date "2005.04.06"]
[EventDate "2005.04.01"]
[Round "6"]
[Result "1/2-1/2"]
[White "Sergey Karjakin"]
[Black "Pentala Harikrishna"]
[WhiteElo "2635"]
[BlackElo "2646"]
[PlyCount "168"]

1. e4 e5 2. Nf3 Nc6 3. Bb5 a6 4. Ba4 Nf6 5. O-O Be7 6. Re1 b5
7. Bb3 d6 8. c3 O-O 9. h3 Na5 10. Bc2 c5 11. d4 Qc7 12. d5 Bd7
13. Nbd2 g6 14. Nf1 Nh5 15. b3 Nb7 16. Bh6 Ng7 17. Qd2 f6
18. g4 Nd8 19. Ng3 Nf7 20. Be3 a5 21. a4 bxa4 22. bxa4 Rab8
23. Reb1 Rxb1+ 24. Rxb1 Rb8 25. Qd1 Bd8 26. Nd2 Rb7 27. Nc4
Qb8 28. Ra1 Bc7 29. Kh2 Qe8 30. Qf3 Qd8 31. Rg1 Ng5 32. Bxg5
fxg5 33. Qe3 Qf6 34. Nf1 h6 35. Nfd2 Qf8 36. Kg2 Qb8 37. f3
Ne8 38. Kf2 Nf6 39. Ke2 Qe8 40. Ra1 Kg7 41. Qg1 Ng8 42. Rb1
Qa8 43. Rxb7 Qxb7 44. Qb1 Qa7 45. Na3 Ne7 46. Nb5 Qb8 47. Bd3
Bxb5 48. Qxb5 Qxb5 49. Bxb5 Nc8 50. Kd3 Kf7 51. Nc4 Ke7
52. Ba6 Kd8 53. Bxc8 Kxc8 54. Na3 Kb7 55. Ke2 Kc8 56. Nb5 Bb8
57. Ke3 Kd7 58. Kf2 Bc7 59. Kg2 Bd8 60. Na7 Bb6 61. Nc6 c4
62. Kg3 Ke8 63. h4 Kf7 64. h5 Kf6 65. hxg6 Kxg6 66. Ne7+ Kh7
67. Kg2 Bc5 68. Nf5 Kg6 69. Ng3 Be3 70. Kf1 Kf6 71. Nf5 Bc5
72. Nxh6 Ke7 73. Ke2 Bg1 74. Nf5+ Kd7 75. Kf1 Bc5 76. Ke1 Bb6
77. Ke2 Bg1 78. Ng3 Bh2 79. Nh5 Bf4 80. Ng7 Ke7 81. Nf5+ Kd7
82. Kd1 Kc7 83. Ne7 Be3 84. Nc6 Kb6 1/2-1/2

[Event "HB Global Chess Challenge"]
[Site "Minneapolis, MN USA"]
[Date "2005.05.18"]
[EventDate "2005.05.18"]
[Round "1"]
[Result "0-1"]
[White "Andres Santalla"]
[Black "Pentala Harikrishna"]
[WhiteElo "2075"]
[BlackElo "2646"]
[PlyCount "48"]

1. e4 d6 2. d4 g6 3. Nc3 Bg7 4. Be3 c6 5. Qd2 b5 6. g3 Nd7
7. Nd1 Ngf6 8. f3 e5 9. dxe5 Nxe5 10. b3 O-O 11. Nf2 d5
12. Bg5 dxe4 13. Qxd8 Rxd8 14. fxe4 h6 15. Bf4 Neg4 16. Ngh3
Nxe4 17. Rd1 Bc3+ 18. Ke2 Bf5 19. Bg2 Nexf2 20. Nxf2 g5
21. Bc1 Re8+ 22. Kf1 Bxc2 23. Bxc6 Bxd1 24. Bxe8 Bf3 0-1

[Event "HB Global Chess Challenge"]
[Site "Minneapolis, MN USA"]
[Date "2005.05.19"]
[EventDate "2005.05.18"]
[Round "3"]
[Result "1/2-1/2"]
[White "Darwin Laylo"]
[Black "Pentala Harikrishna"]
[WhiteElo "2344"]
[BlackElo "2646"]
[PlyCount "75"]

1. c4 Nf6 2. Nc3 e5 3. g3 d5 4. cxd5 Nxd5 5. Bg2 Nb6 6. Nf3
Nc6 7. O-O Be7 8. d3 O-O 9. a4 a5 10. Be3 Be6 11. Rc1 Nd5
12. Nxd5 Bxd5 13. Nd2 Bxg2 14. Kxg2 Nd4 15. Bxd4 exd4 16. Qb3
Bb4 17. Ne4 Kh8 18. Qc4 c6 19. f4 f5 20. Ng5 Qf6 21. Rc2 Rae8
22. Nf3 Rd8 23. h4 Rd5 24. Qb3 Re8 25. Rf2 h6 26. Rc1 Re3
27. Rc4 Qg6 28. Kh2 Be1 29. Rg2 Rxe2 30. Nxe1 Rxe1 31. Qxb7
Qg4 32. Rxc6 Qd1 33. Rf2 Rh1+ 34. Kg2 Qg1+ 35. Kf3 Rxh4
36. Rg6 Qd1+ 37. Re2 Qf1+ 38. Rf2 1/2-1/2

[Event "2nd Sanjin Hotel Cup"]
[Site "Tiayuan CHN"]
[Date "2005.07.12"]
[EventDate "2005.07.09"]
[Round "4"]
[Result "1-0"]
[White "Pentala Harikrishna"]
[Black "Zhong Zhang"]
[WhiteElo "2645"]
[BlackElo "2608"]
[PlyCount "219"]

1. d4 f5 2. g3 Nf6 3. Bg2 g6 4. Nf3 Bg7 5. O-O O-O 6. b3 d6
7. Bb2 Qe8 8. c4 e5 9. dxe5 Ng4 10. Qd2 Nxe5 11. Nc3 Nbc6
12. Nd5 Qd8 13. Rad1 Bd7 14. Nxe5 Bxe5 15. c5 Be6 16. Nf4 Bf7
17. cxd6 cxd6 18. Ba3 Qb6 19. Nd5 Qd8 20. Nb4 Qb6 21. Nxc6
bxc6 22. Qc2 Rad8 23. Qxc6 Qa5 24. Bxd6 Bxd6 25. Rxd6 Rxd6
26. Qxd6 Qxa2 27. Bf3 a5 28. Qe5 Re8 29. Qc3 Qxb3 30. Qxa5 Rc8
31. Ra1 Qb2 32. Kg2 Qd4 33. Rb1 h5 34. h4 Rd8 35. Rb7 Qf6
36. Qc7 Rd6 37. Rb8+ Kg7 38. Qc8 Kh7 39. Rb7 Kg7 40. Qc5 Kg8
41. Ra7 Qd4 42. Qc7 Qf6 43. Ra8+ Kg7 44. Rb8 Qe6 45. Qb7 Qf6
46. Ra8 Rd8 47. Ra7 Kg8 48. Ra6 Qe5 49. Qb6 Rd7 50. Ra5 Qd4
51. Qb8+ Kh7 52. Qb5 Ra7 53. Rxa7 Qxa7 54. Bd5 Bxd5+ 55. Qxd5
Qe7 56. Kf3 Qb4 57. Qe5 Qg4+ 58. Ke3 Qc4 59. Qd4 Qc1+ 60. Kf3
Qc7 61. Qd5 Qb8 62. Kg2 Qc7 63. f3 Qc2 64. Kf2 Qb2 65. Qc4
Qb6+ 66. Kg2 Qb2 67. Qf7+ Kh6 68. Qe7 Qa2 69. Qe3+ Kh7 70. Qf2
Qa4 71. Qe1 Qc2 72. Kf2 Qb2 73. Qd1 Qa2 74. Qd7+ Kh6 75. Qd4
Kh7 76. g4 hxg4 77. fxg4 fxg4 78. Qd7+ Kh6 79. Qxg4 Qd2
80. Qf3 Qd4+ 81. Kg3 Qg1+ 82. Kh3 Kg7 83. e3 Qe1 84. Kg4 Qg1+
85. Kf4 Qh2+ 86. Qg3 Qd2 87. Qg5 Qh2+ 88. Kf3 Qh1+ 89. Ke2
Qh2+ 90. Kd3 Qd6+ 91. Ke4 Qc6+ 92. Kf4 Qc1 93. Qe5+ Kh7
94. Kg5 Qg1+ 95. Kf6 Qf2+ 96. Qf4 Qb2+ 97. Qd4 Qf2+ 98. Ke7
Qh2 99. Qf4 Qd2 100. Ke8 Qc1 101. Kf7 Qd2 102. Qe4 Qf2+
103. Ke8 Qh2 104. Qe7+ Kh6 105. Qg5+ Kg7 106. e4 Qc2 107. Qe7+
Kh6 108. e5 Qc8+ 109. Kf7 Qc4+ 110. e6 1-0

[Event "2nd Sanjin Hotel Cup"]
[Site "Tiayuan CHN"]
[Date "2005.07.15"]
[EventDate "2005.07.09"]
[Round "7"]
[Result "1-0"]
[White "Pentala Harikrishna"]
[Black "Tigran Levonovich Petrosian"]
[WhiteElo "2645"]
[BlackElo "2581"]
[PlyCount "67"]

1. d4 Nf6 2. Nf3 g6 3. Bg5 Bg7 4. Nbd2 O-O 5. c3 d6 6. e4 Nbd7
7. Bd3 e5 8. O-O h6 9. Bh4 Qe8 10. Re1 Nh5 11. Nc4 Kh7 12. Ne3
Nf4 13. Bf1 Nf6 14. Qc2 exd4 15. cxd4 Nxe4 16. Qxc7 f5 17. Nc4
Ne6 18. Qa5 Qd7 19. Rac1 g5 20. Bg3 b5 21. Na3 a6 22. Nxb5
axb5 23. Qxa8 Bb7 24. Qa5 f4 25. Bxb5 Qf7 26. Bc6 Bxc6
27. Rxc6 fxg3 28. Rxe4 gxf2+ 29. Kxf2 Qg6 30. Qe1 Nxd4 31. Rc7
Qf6 32. Qc3 d5 33. Rxd4 g4 34. Rxg4 1-0